000 00497nam a22001817a 4500
003 CEME
005 20210628203135.0
008 210120b xxu||||| |||| 00| 0 eng d
020 _a0-521-46086-7
040 _c.
082 _a006.4 RIP
100 _aRipley, B.D
_963576
245 _aPattern recognition and neural networks
260 _aNEW YORK
_bCAMBRIDGE
_c1996
300 _aXI,403 P
650 _aNEURAL NETWORKS COMPUTER SCIENCE, PATTERN RECOGNITION SYSTEMS
_963577
942 _cBK
_2ddc
999 _c572351
_d572351